Emergencies in Neuromuscular Disease (Запис № 451934)

МАРК-запис
000 -LEADER
fixed length control field 03671nam a22005535i 4500
001 - CONTROL NUMBER
control field 978-3-319-56654-2
003 - CONTROL NUMBER IDENTIFIER
control field DE-He213
005 - DATE AND TIME OF LATEST TRANSACTION
control field 20210118145439.0
007 - PHYSICAL DESCRIPTION FIXED FIELD--GENERAL INFORMATION
fixed length control field cr nn 008mamaa
008 - FIXED-LENGTH DATA ELEMENTS--GENERAL INFORMATION
fixed length control field 171004s2017 gw | s |||| 0|eng d
020 ## - INTERNATIONAL STANDARD BOOK NUMBER
International Standard Book Number 9783319566542
-- 978-3-319-56654-2
024 7# - OTHER STANDARD IDENTIFIER
Standard number or code 10.1007/978-3-319-56654-2
Source of number or code doi
050 #4 - LIBRARY OF CONGRESS CALL NUMBER
Classification number RC346-429.2
072 #7 - SUBJECT CATEGORY CODE
Subject category code MJN
Source bicssc
072 #7 - SUBJECT CATEGORY CODE
Subject category code MED056000
Source bisacsh
072 #7 - SUBJECT CATEGORY CODE
Subject category code MKJ
Source thema
082 04 - DEWEY DECIMAL CLASSIFICATION NUMBER
Classification number 616.8
Edition number 23
245 10 - TITLE STATEMENT
Title Emergencies in Neuromuscular Disease
Medium [electronic resource] /
Statement of responsibility, etc edited by Elio Agostoni.
250 ## - EDITION STATEMENT
Edition statement 1st ed. 2017.
264 #1 -
-- Cham :
-- Springer International Publishing :
-- Imprint: Springer,
-- 2017.
300 ## - PHYSICAL DESCRIPTION
Extent XV, 134 p. 5 illus., 3 illus. in color.
Other physical details online resource.
336 ## -
-- text
-- txt
-- rdacontent
337 ## -
-- computer
-- c
-- rdamedia
338 ## -
-- online resource
-- cr
-- rdacarrier
347 ## -
-- text file
-- PDF
-- rda
490 1# - SERIES STATEMENT
Series statement Emergency Management in Neurology,
Міжнародний стандартний серійний номер для назви серії (ISSN) 2367-1076
505 0# - FORMATTED CONTENTS NOTE
Formatted contents note Preface -- Glossary -- Part I. Neuromuscular Disease: Recent Progress in Diagnosis and Therapy -- Neuromuscular Disease: An Overview -- Tetanus -- Guillain-Barré Syndrome -- Porphyria -- Vasculitis -- Myasthenia Gravis -- Botulism -- Malignant Hyperthermia -- Rhabdomyolysis -- Periodic Paralysis.-Part II. Case Studies -- Case Study: Atypical GBS -- Part III. Differentiated Decisional Algorithms -- Differentiated Decisional Algorithms Based on the Technical and Organizational Characteristics of the Hospital Receiving the Clinical Case.
520 ## - SUMMARY, ETC.
Summary, etc This book offers a practical tool for handling neuromuscular emergencies, and is divided by the main neuromuscular diseases on the basis of their anatomical and clinical location: diseases affecting the anterior horn of the spinal cord (tetanus), those that affect the nerve roots and nerves (SGB, multiple mononeuritis, porphyria), the neuromuscular junction (MG and botulism) and, lastly, muscle pathologies (rhabdomyolysis, malignant hyperthermia, periodic paralysis). It provides updated diagnostic/therapeutic protocols and decision-making algorithms for each pathology, and examines a range of scenarios on the basis of clinical cases. Emergencies in Neuromuscular Disease will be of interests for a wide variety of specialists including neurologist, neurophysiologists and anesthesiologists.
506 ## - RESTRICTIONS ON ACCESS NOTE
Terms governing access Available to subscribing member institutions only. Доступно лише організаціям членам підписки.
506 ## - RESTRICTIONS ON ACCESS NOTE
Standardized terminology for access restriction Online access from local network of NaUOA.
506 ## - RESTRICTIONS ON ACCESS NOTE
Standardized terminology for access restriction Online access with authorization at https://link.springer.com/
506 ## - RESTRICTIONS ON ACCESS NOTE
Standardized terminology for access restriction Онлайн-доступ з локальної мережі НаУОА.
506 ## - RESTRICTIONS ON ACCESS NOTE
Standardized terminology for access restriction Онлайн доступ з авторизацією на https://link.springer.com/
650 #0 - SUBJECT ADDED ENTRY--TOPICAL TERM
Topical term or geographic name as entry element Neurology .
650 #0 - SUBJECT ADDED ENTRY--TOPICAL TERM
Topical term or geographic name as entry element Anesthesiology.
650 14 - SUBJECT ADDED ENTRY--TOPICAL TERM
Topical term or geographic name as entry element Neurology.
-- http://scigraph.springernature.com/things/product-market-codes/H36001
650 24 - SUBJECT ADDED ENTRY--TOPICAL TERM
Topical term or geographic name as entry element Anesthesiology.
-- http://scigraph.springernature.com/things/product-market-codes/H13001
700 1# - ADDED ENTRY--PERSONAL NAME
Personal name Agostoni, Elio.
Relator term editor.
Relator code edt
-- http://id.loc.gov/vocabulary/relators/edt
710 2# - ADDED ENTRY--CORPORATE NAME
Corporate name or jurisdiction name as entry element SpringerLink (Online service)
773 0# - HOST ITEM ENTRY
Title Springer eBooks
776 08 - ADDITIONAL PHYSICAL FORM ENTRY
Display text Printed edition:
International Standard Book Number 9783319566535
776 08 - ADDITIONAL PHYSICAL FORM ENTRY
Display text Printed edition:
International Standard Book Number 9783319566559
830 #0 - SERIES ADDED ENTRY--UNIFORM TITLE
Uniform title Emergency Management in Neurology,
-- 2367-1076
856 40 - ELECTRONIC LOCATION AND ACCESS
Uniform Resource Identifier <a href="https://doi.org/10.1007/978-3-319-56654-2">https://doi.org/10.1007/978-3-319-56654-2</a>
912 ## -
-- ZDB-2-SME
942 ## - ADDED ENTRY ELEMENTS (KOHA)
Koha item type ЕКнига

Немає доступних примірників.